[Event "1.Deut.ChessOrgAmatPok Voelklingen GrC"]
[Site "?"]
[Date "2000.10.10"]
[Round "5"]
[White "Schreiber, Winfried"]
[Black "Rossmanith, Frederic"]
[Result "0-1"]
[WhiteElo "1452"]
[BlackElo "1450"]
[PlyCount "48"]
[EventDate "2000.??.??"]

1. c4 Nf6 2. Nf3 e6 3. Nc3 c6 4. g3 Be7 5. Bg2 d5 6. cxd5 exd5 7. d4 h6 8. O-O
Be6 9. Re1 O-O 10. a3 Ne4 11. Ne5 Nxc3 12. bxc3 Nd7 13. Nxd7 Qxd7 14. e4 Rae8
15. a4 dxe4 16. Bxe4 Bd5 17. Qh5 Bd6 18. f3 f5 19. Bxd5+ cxd5 20. Rxe8 Rxe8 21.
Kf2 Qe6 22. f4 Qe1+ 23. Kg2 Re2+ 24. Kh3 Qf1+ 0-1

[Event "1.Deut.ChessOrgAmatPok Voelklingen GrC"]
[Site "?"]
[Date "2000.10.10"]
[Round "5"]
[White "Pillath, Marcus"]
[Black "Schwabe, Manfred"]
[Result "1/2-1/2"]
[WhiteElo "1338"]
[BlackElo "1675"]
[PlyCount "80"]
[EventDate "2000.??.??"]

1. Nf3 Nf6 2. d4 g6 3. Bf4 d6 4. Nbd2 Bg7 5. c3 b6 6. e3 Bb7 7. Be2 O-O 8. h3
Nbd7 9. O-O c5 10. Rc1 Ne8 11. Ne1 e5 12. dxe5 dxe5 13. Bg3 Qe7 14. Bc4 Kh8 15.
f3 Nd6 16. e4 Nxc4 17. Nxc4 Rfd8 18. Qc2 f6 19. Bf2 Nf8 20. Be3 Ne6 21. Rf2 Bc6
22. Rd2 Rxd2 23. Nxd2 Rd8 24. Nf1 g5 25. Rd1 Rd7 26. Rxd7 Qxd7 27. Qd2 c4 28.
Qxd7 Bxd7 29. Nd2 Bb5 30. Nc2 Bf8 31. a3 Bc5 32. Kf2 a5 33. b4 cxb3 34. Nxb3
Bxe3+ 35. Nxe3 Bc6 36. Nf5 Nf4 37. Ne7 Bd7 38. Nd2 b5 39. Nb3 a4 40. Nc5 Be8
1/2-1/2

[Event "1.Deut.ChessOrgAmatPok Voelklingen GrC"]
[Site "?"]
[Date "2000.10.10"]
[Round "5"]
[White "Gietzen, Daniel"]
[Black "van Hove, Ode"]
[Result "1-0"]
[WhiteElo "1000"]
[BlackElo "1447"]
[PlyCount "71"]
[EventDate "2000.??.??"]

1. e4 e5 2. Nf3 f5 3. exf5 e4 4. Ne5 Nf6 5. Qe2 d6 6. Ng4 Bxf5 7. Nxf6+ Qxf6 8.
d3 Nc6 9. dxe4 Bg6 10. c3 O-O-O 11. Qg4+ Kb8 12. Bg5 Re8 13. Bxf6 Rxe4+ 14.
Qxe4 Bxe4 15. Nd2 Bg6 16. Bg5 d5 17. Be3 Bd6 18. Bb5 Ne5 19. O-O Rf8 20. f3 c6
21. Be2 h5 22. Bd4 c5 23. Bxe5 Bxe5 24. Nb3 b6 25. Rfe1 Bd6 26. Rad1 Bf7 27. g3
g5 28. Kg2 Kc7 29. Nd2 Kc6 30. c4 g4 31. cxd5+ Bxd5 32. Ne4 a5 33. Rxd5 Kxd5
34. Nxd6 Kxd6 35. fxg4 hxg4 36. Bxg4 1-0

[Event "1.Deut.ChessOrgAmatPok Voelklingen GrC"]
[Site "?"]
[Date "2000.10.10"]
[Round "5"]
[White "Stoeckchen, Andreas"]
[Black "Kuhn, Heinz"]
[Result "0-1"]
[WhiteElo "1383"]
[BlackElo "1678"]
[PlyCount "158"]
[EventDate "2000.??.??"]

1. f4 a6 2. Nf3 b5 3. g3 Bb7 4. Bg2 e6 5. O-O Nf6 6. d4 c5 7. e3 Qb6 8. Nc3 Nc6
9. b3 cxd4 10. exd4 Ng4 11. h3 Bb4 12. Ne2 Nf6 13. a3 Be7 14. Bb2 Nd5 15. Qd2
b4 16. Kh2 bxa3 17. Bxa3 Bxa3 18. Rxa3 Qb4 19. Qxb4 Ncxb4 20. c3 Nc2 21. Ra2
Nce3 22. Re1 Nxg2 23. Kxg2 h6 24. Kf2 f6 25. Rea1 g5 26. Ra4 O-O 27. c4 Ne7 28.
Ra5 h5 29. fxg5 Nc6 30. R5a4 fxg5 31. Ke3 Rxf3+ 32. Kxf3 Nxd4+ 33. Kf2 Rf8+ 34.
Ke1 Nc2+ 35. Kd2 Nxa1 36. Rxa1 Rf3 37. Ra5 Rf5 38. Rxf5 exf5 39. h4 Kg7 40.
hxg5 Kg6 41. c5 Kxg5 42. Ke3 Kg4 43. b4 Bf3 44. Nd4 Bd1 45. Kd2 Ba4 46. Ke3
Kxg3 47. Nxf5+ Kg4 48. Nh6+ Kh3 49. Kf4 Bc2 50. Kg5 h4 51. Ng4 Kg3 52. Ne3 h3
53. Nf1+ Kf2 54. Nh2 Kg2 55. Ng4 h2 56. Nxh2 Kxh2 57. Kf4 Kg2 58. Ke3 Kg3 59.
Kd2 Ba4 60. Ke3 Bc6 61. Kd2 Kf4 62. Kd3 Ke5 63. Kc4 Ke4 64. Kc3 Bb5 65. Kb3 Kd3
66. Kb2 Kc4 67. Ka3 Kc3 68. Ka2 Kxb4 69. Kb2 Kxc5 70. Kc3 d5 71. Kb3 d4 72. Kc2
Kc4 73. Kd2 Kb3 74. Kd1 Kb2 75. Kd2 a5 76. Kd1 a4 77. Kd2 a3 78. Kd1 a2 79. Kd2
Kb1 0-1

[Event "1.Deut.ChessOrgAmatPok Voelklingen GrC"]
[Site "?"]
[Date "2000.10.10"]
[Round "5"]
[White "Cara, Bogdan"]
[Black "Bastian, Stephan"]
[Result "1-0"]
[WhiteElo "491"]
[BlackElo "1331"]
[PlyCount "34"]
[EventDate "2000.??.??"]

1. e4 e5 2. Nf3 Nc6 3. Bc4 h6 4. O-O d6 5. d4 exd4 6. Nxd4 Nxd4 7. Qxd4 Nf6 8.
Re1 c5 9. Qd3 Be6 10. Bxe6 fxe6 11. Nc3 Be7 12. Bf4 Qb6 13. Qb5+ Qc6 14. e5
Qxb5 15. Nxb5 Nd5 16. exd6 O-O-O 17. dxe7 Rd7 1-0

[Event "1.Deut.ChessOrgAmatPok Voelklingen GrC"]
[Site "?"]
[Date "2000.10.10"]
[Round "5"]
[White "Schackmann, Ralf"]
[Black "Zimmer, Bernhard"]
[Result "0-1"]
[WhiteElo "1000"]
[BlackElo "729"]
[PlyCount "72"]
[EventDate "2000.??.??"]

1. d4 g6 2. e4 d6 3. Nc3 Bg7 4. h3 Nf6 5. Bc4 O-O 6. Nf3 a6 7. Bf4 b5 8. Bb3 e6
9. O-O Bb7 10. Re1 Nc6 11. e5 dxe5 12. dxe5 Qxd1 13. Rexd1 Nh5 14. Bh2 Na5 15.
g4 Bxf3 16. Rd3 Bc6 17. gxh5 Nxb3 18. cxb3 Rad8 19. Rad1 Rxd3 20. Rxd3 gxh5 21.
Bf4 h6 22. Ne2 Kh7 23. Bh2 Ba8 24. f4 f6 25. Rd7 fxe5 26. Rxc7 Bf3 27. Kf2 Bxe2
28. Kxe2 exf4 29. Kf3 e5 30. Bg1 Rd8 31. Ke4 Kg6 32. h4 Rd2 33. Rc6+ Bf6 34.
Ba7 Re2+ 35. Kf3 Rxb2 36. Rxa6 Kf5 0-1

[Event "1.Deut.ChessOrgAmatPok Voelklingen GrC"]
[Site "?"]
[Date "2000.10.10"]
[Round "5"]
[White "Weinz, Andre"]
[Black "Braun, Konstantin"]
[Result "0-1"]
[WhiteElo "1288"]
[BlackElo "282"]
[PlyCount "38"]
[EventDate "2000.??.??"]

1. e4 e5 2. Nf3 Nc6 3. Nc3 Nf6 4. Bc4 Nxe4 5. Nxe4 d5 6. Bb5 dxe4 7. Nxe5 Bd7
8. Bxc6 Bxc6 9. Nxc6 bxc6 10. Qg4 Qd4 11. O-O Bc5 12. c3 Qf6 13. Qxe4+ Be7 14.
Re1 O-O 15. a3 h6 16. d4 Bd6 17. Qxc6 Bxh2+ 18. Kxh2 Qxc6 19. f3 Rfd8 0-1

[Event "1.DeutChessOrgAmatPokVoelklingen GrAB"]
[Site "?"]
[Date "2000.10.11"]
[Round "6"]
[White "Lang, Thorsten"]
[Black "Lacrosse, Marc"]
[Result "1-0"]
[WhiteElo "2291"]
[BlackElo "2298"]
[PlyCount "79"]
[EventDate "2000.??.??"]

1. e4 e5 2. Nf3 Nc6 3. d3 Nf6 4. Be2 d5 5. Nbd2 Bc5 6. O-O O-O 7. c3 a5 8. Qc2
Bg4 9. Re1 Bh5 10. Nb3 Bb6 11. Bg5 dxe4 12. dxe4 h6 13. Bh4 Qe7 14. Nbd2 Bc5
15. b3 Nd8 16. Bg3 Bd6 17. Nc4 Bg6 18. Bd3 Nd7 19. Rad1 Nc6 20. Ne3 Rfe8 21.
Nd5 Qf8 22. Bc4 Nc5 23. Nh4 Bh7 24. Nf5 Bxf5 25. exf5 Kh8 26. Qe2 Ne7 27. Qh5
g6 28. fxg6 fxg6 29. Qxe5+ Bxe5 30. Bxe5+ Kh7 31. Nf6+ Qxf6 32. Bxf6 Nf5 33.
Rxe8 Rxe8 34. b4 Nd6 35. bxc5 Nxc4 36. Rd7+ Kg8 37. g3 Re6 38. Bd4 Rc6 39. f4
a4 40. Kf2 {zeit} 1-0

[Event "1.DeutChessOrgAmatPokVoelklingen GrAB"]
[Site "?"]
[Date "2000.10.11"]
[Round "6"]
[White "Wilmes, Marcel"]
[Black "Bastian, Herbert"]
[Result "0-1"]
[WhiteElo "1820"]
[BlackElo "2354"]
[PlyCount "50"]
[EventDate "2000.??.??"]

1. e4 c5 2. Nf3 a6 3. c4 e6 4. Nc3 Qc7 5. Be2 Nf6 6. d4 cxd4 7. Nxd4 Be7 8. O-O
O-O 9. Be3 d6 10. Qd2 b6 11. f3 Nbd7 12. Rac1 Bb7 13. Rfd1 Rfd8 14. Bf1 Rac8
15. Qf2 Re8 16. h3 Ne5 17. b3 Qb8 18. g4 Nfd7 19. f4 Nc6 20. Nde2 Nc5 21. Ng3
Bh4 22. Bg2 Nb4 23. Kh2 Nbd3 24. Qe2 Nxc1 25. Rxc1 b5 0-1

[Event "1.DeutChessOrgAmatPokVoelklingen GrAB"]
[Site "?"]
[Date "2000.10.11"]
[Round "6"]
[White "Welz, Peter Dr."]
[Black "Augustin, Christian"]
[Result "1/2-1/2"]
[WhiteElo "2169"]
[BlackElo "2138"]
[PlyCount "128"]
[EventDate "2000.??.??"]

1. e4 d5 2. exd5 Qxd5 3. Nc3 Qa5 4. g3 c6 5. Bg2 Nf6 6. Nge2 e5 7. O-O Bf5 8.
d4 Bd6 9. dxe5 Bxe5 10. Nd4 Bg6 11. f4 Bxd4+ 12. Qxd4 O-O 13. f5 Rd8 14. Qf4
Qb6+ 15. Be3 Qxb2 16. Na4 Qxc2 17. fxg6 hxg6 18. Rf2 Rd1+ 19. Rxd1 Qxd1+ 20.
Rf1 Qe2 21. Nc3 Qg4 22. Qf2 Qc4 23. Bd4 Nbd7 24. h3 Rd8 25. Nd1 b6 26. Ba1 Re8
27. Ne3 Qc5 28. Nc2 Qxf2+ 29. Rxf2 c5 30. Bc3 Kf8 31. g4 Ne4 32. Bxe4 Rxe4 33.
Kg2 Ra4 34. a3 g5 35. Rd2 Rc4 36. Bb2 Ke7 37. Bxg7 f6 38. Ne3 Ra4 39. Nf5+ Ke8
40. Rd3 Ne5 41. Rd6 Rxa3 42. Bxf6 Nc4 43. Rd8+ Kf7 44. Bxg5 Ra4 45. Rd7+ Ke6
46. Re7+ Kd5 47. h4 Ne5 48. Ne3+ Kd6 49. Kg3 Ra3 50. Rh7 b5 51. h5 Nc4 52. Bf4+
Ke6 53. Rh6+ Kf7 54. Kf3 b4 55. Rc6 Rxe3+ 56. Bxe3 Ne5+ 57. Ke4 Nxc6 58. Bxc5
b3 59. Ba3 a5 60. g5 Ne7 61. Kd3 Nd5 62. Kc4 Nf4 63. h6 a4 64. Kb4 Nd3+ 1/2-1/2

[Event "1.DeutChessOrgAmatPokVoelklingen GrAB"]
[Site "?"]
[Date "2000.10.11"]
[Round "6"]
[White "Reinke, Kurt"]
[Black "Berrang, Gerrit"]
[Result "0-1"]
[WhiteElo "1841"]
[BlackElo "1833"]
[PlyCount "84"]
[EventDate "2000.??.??"]

1. d4 Nf6 2. Nf3 g6 3. c4 Bg7 4. Nc3 d6 5. e4 O-O 6. h3 c6 7. Be2 Nbd7 8. Bg5
Qc7 9. Rc1 a6 10. O-O e5 11. d5 Nc5 12. Nd2 h6 13. Be3 Ncd7 14. b4 c5 15. a3 b6
16. Rb1 Nh7 17. g4 Kh8 18. Qc1 Nhf6 19. Nf3 Ng8 20. Kg2 Qd8 21. Rh1 Qe7 22. g5
h5 23. Nh4 Qe8 24. Bg4 Ne7 25. Qd1 hxg4 26. hxg4 Kg8 27. Qg1 f6 28. Nf5 gxf5
29. gxf5 fxg5 30. Qh2 Nf6 31. Bxg5 Rf7 32. Rbg1 Kf8 33. Kf3 Neg8 34. Qh4 Raa7
35. Ne2 Ke7 36. Ng3 Kd7 37. Nh5 Nxh5 38. Qxh5 Kc7 39. f6 Nxf6 40. Bxf6 Bxf6 41.
Rg6 Qe7 42. Rhg1 Kb8 0-1

[Event "1.DeutChessOrgAmatPokVoelklingen GrAB"]
[Site "?"]
[Date "2000.10.11"]
[Round "6"]
[White "Busche, Stephan"]
[Black "Will, Mathias"]
[Result "1/2-1/2"]
[WhiteElo "2136"]
[BlackElo "2000"]
[PlyCount "66"]
[EventDate "2000.??.??"]

1. e4 Nf6 2. e5 Nd5 3. d4 d6 4. Nf3 Bg4 5. Be2 e6 6. c4 Nb6 7. O-O Be7 8. Nc3
O-O 9. h3 Bh5 10. Be3 N8d7 11. g4 Bg6 12. Qb3 dxe5 13. Nxe5 Nxe5 14. dxe5 c6
15. Rad1 Qc7 16. f4 Rad8 17. Kg2 Rxd1 18. Rxd1 Rd8 19. Rxd8+ Bxd8 20. Qd1 Be7
21. b3 h6 22. Bf3 f6 23. exf6 Bxf6 24. Ne4 Be7 25. Qd4 Nc8 26. Nc5 Bf7 27. Qd7
Qxd7 28. Nxd7 Bd8 29. c5 Ne7 30. b4 Bc7 31. Ne5 Bxe5 32. fxe5 Ng6 33. Bd4 Nh4+
1/2-1/2

[Event "1.DeutChessOrgAmatPokVoelklingen GrAB"]
[Site "?"]
[Date "2000.10.11"]
[Round "6"]
[White "Becker, Thomas"]
[Black "Packroff, Hermann"]
[Result "1/2-1/2"]
[WhiteElo "2175"]
[BlackElo "2250"]
[PlyCount "24"]
[EventDate "2000.??.??"]

1. Nf3 Nf6 2. g3 g6 3. Bg2 Bg7 4. O-O O-O 5. d3 d6 6. e4 e5 7. c3 Nc6 8. Nbd2
h6 9. d4 Nh5 10. dxe5 dxe5 11. Nc4 Qxd1 12. Rxd1 Be6 1/2-1/2

[Event "1.DeutChessOrgAmatPokVoelklingen GrAB"]
[Site "?"]
[Date "2000.10.11"]
[Round "6"]
[White "Blasius, Stefan"]
[Black "Morenko, Dimitro"]
[Result "0-1"]
[WhiteElo "1717"]
[BlackElo "2112"]
[PlyCount "76"]
[EventDate "2000.??.??"]

1. Nf3 g6 2. e4 Bg7 3. d4 d6 4. c3 Nf6 5. Bd3 O-O 6. O-O Nc6 7. Bf4 Nh5 8. Bg3
e5 9. Bh4 Qe8 10. d5 Ne7 11. Bxe7 Qxe7 12. Re1 Bh6 13. Qb3 Kh8 14. g3 f5 15.
exf5 gxf5 16. Qd1 Qf7 17. Be2 Nf6 18. c4 f4 19. Nbd2 e4 20. Nh4 Bg5 21. Nxe4
Bxh4 22. gxh4 Nxe4 23. Qd4+ Qg7+ 24. Qxg7+ Kxg7 25. Bd3 Nc5 26. Bc2 Bh3 27. f3
Rae8 28. Rxe8 Rxe8 29. Kf2 a5 30. Rg1+ Kh8 31. Re1 Rxe1 32. Kxe1 h6 33. a3 Kg7
34. h5 Kf6 35. Kd2 Bf5 36. h4 Bxc2 37. Kxc2 a4 38. Kc3 Ke5 0-1

[Event "1.DeutChessOrgAmatPokVoelklingen GrAB"]
[Site "?"]
[Date "2000.10.11"]
[Round "6"]
[White "Muranyi, Karl-Jasmin"]
[Black "Bertino, Paolo"]
[Result "1/2-1/2"]
[WhiteElo "2297"]
[BlackElo "2136"]
[PlyCount "30"]
[EventDate "2000.??.??"]

1. d4 d5 2. c4 e6 3. Nc3 Nf6 4. cxd5 exd5 5. Bg5 c6 6. Qc2 h6 7. Bh4 Be7 8. e3
O-O 9. Bd3 Re8 10. f3 Be6 11. Nge2 Nbd7 12. O-O Rc8 13. Nf4 Nf8 14. Nxe6 Nxe6
15. Bf5 c5 1/2-1/2

[Event "1.DeutChessOrgAmatPokVoelklingen GrAB"]
[Site "?"]
[Date "2000.11.11"]
[Round "6"]
[White "Mischke, Luis"]
[Black "Braun, Burckhard"]
[Result "1-0"]
[WhiteElo "2063"]
[BlackElo "1965"]
[PlyCount "89"]
[EventDate "2000.??.??"]

1. e4 c5 2. Nf3 Nc6 3. Bb5 Qb6 4. Nc3 g6 5. Bxc6 bxc6 6. b3 Nf6 7. Bb2 Bg7 8.
O-O Ba6 9. Re1 O-O 10. e5 Nd5 11. Na4 Qa5 12. c4 Nf4 13. Bc3 Qc7 14. Nxc5 Bc8
15. d4 d6 16. Nd3 dxe5 17. Nfxe5 Nxd3 18. Qxd3 f6 19. Nf3 a5 20. Qe3 a4 21.
Qxe7 Qxe7 22. Rxe7 axb3 23. axb3 Bg4 24. Rxa8 Rxa8 25. h3 Bxf3 26. gxf3 f5 27.
b4 Ra3 28. Re3 f4 29. Rd3 Kf7 30. Kf1 g5 31. Ke2 h5 32. Bd2 Ra2 33. d5 cxd5 34.
Rxd5 Bf6 35. c5 Ke6 36. Rd3 Be7 37. Rd4 Ra4 38. Kd3 Ra3+ 39. Ke4 Ra2 40. Kd3
Ra3+ 41. Bc3 Ra2 42. Re4+ Kf7 43. c6 Bd6 44. Be5 Ke6 45. Bxf4+ 1-0

[Event "1.Deut.ChessOrgAmatPok Voelklingen Sen"]
[Site "?"]
[Date "2000.10.11"]
[Round "6"]
[White "Will, Michael"]
[Black "Gerhardt, Peter-Michael"]
[Result "0-1"]
[WhiteElo "1907"]
[BlackElo "2145"]
[PlyCount "98"]
[EventDate "2000.??.??"]

1. c4 c5 2. Nf3 Nf6 3. Nc3 e6 4. g3 b6 5. Bg2 Bb7 6. O-O Be7 7. b3 O-O 8. Bb2
d5 9. cxd5 Nxd5 10. Nxd5 Bxd5 11. d3 Nd7 12. e4 Bb7 13. Qc2 Bf6 14. Rfe1 Bxb2
15. Qxb2 Nf6 16. Rad1 Qe7 17. e5 Nd5 18. Nd2 Nb4 19. Ne4 Rfd8 20. Bf1 Rd4 21.
a3 Nc6 22. f4 Rad8 23. Qe2 Ba6 24. Qg4 Bxd3 25. Bxd3 Rxd3 26. Rxd3 Rxd3 27.
Nf6+ Kh8 28. Nh5 Qf8 29. Rb1 Nd4 30. b4 Nf5 31. Qe2 c4 32. Qe4 b5 33. Qb7 c3
34. Rc1 Qd8 35. Qxf7 h6 36. Qxe6 Rd1+ 37. Rxd1 Qxd1+ 38. Kg2 Qe2+ 39. Kg1 Qe1+
40. Kg2 Qe2+ 41. Kg1 Qe1+ 42. Kg2 Qe4+ 43. Kg1 c2 44. Qc8+ Kh7 45. Kf2 Qe3+ 46.
Kg2 Qe2+ 47. Kg1 Qd1+ 48. Kg2 Ne3+ 49. Kf2 Qf1+ 0-1

[Event "1.Deut.ChessOrgAmatPok Voelklingen Sen"]
[Site "?"]
[Date "2000.10.11"]
[Round "6"]
[White "Leschhorn, Heinrich"]
[Black "Simon, Eberhard"]
[Result "0-1"]
[WhiteElo "1817"]
[BlackElo "1847"]
[PlyCount "50"]
[EventDate "2000.??.??"]

1. Nf3 c6 2. g3 d5 3. d4 Bf5 4. Bg2 Nf6 5. O-O Nbd7 6. Nbd2 Qc7 7. Nh4 Bg4 8.
Qe1 e5 9. e4 O-O-O 10. dxe5 Nxe5 11. exd5 Nxd5 12. Ndf3 Nxf3+ 13. Nxf3 Bd6 14.
c3 h5 15. Qd1 h4 16. Qa4 Bxf3 17. Bxf3 hxg3 18. hxg3 f5 19. Bxd5 cxd5 20. Qxa7
Bxg3 21. Qa8+ Kd7 22. Qa4+ Ke6 23. Re1+ Kf7 24. Qc2 Rh5 25. fxg3 Qxg3+ 0-1

[Event "1.Deut.ChessOrgAmatPok Voelklingen Sen"]
[Site "?"]
[Date "2000.10.11"]
[Round "6"]
[White "Schampel, Arno"]
[Black "Pukropski, Walter"]
[Result "0-1"]
[WhiteElo "1755"]
[BlackElo "1796"]
[PlyCount "71"]
[EventDate "2000.??.??"]

1. d4 g6 2. c4 Bg7 3. Nf3 Nf6 4. Nc3 d6 5. e4 O-O 6. h3 Nbd7 7. Bd3 e5 8. d5
Nc5 9. Bc2 Nh5 10. Bg5 f6 11. Be3 Nf4 12. O-O f5 13. exf5 Bxf5 14. Bxf5 Rxf5
15. Qd2 Nxh3+ 16. Kh1 Nf4 17. g4 Rf7 18. Bxc5 dxc5 19. Ne4 b6 20. Qe3 Qd7 21.
Rg1 Raf8 22. Neg5 Re7 23. Rae1 Rfe8 24. Ne4 h6 25. Nh4 Rf7 26. Rd1 Qd8 27. Nf3
Ref8 28. Rg3 Qd7 29. b3 g5 30. a4 c6 31. Nc3 cxd5 32. Nxd5 Qe6 33. Qe4 a5 34.
Rd2 Rd7 35. Nh2 Nxd5 36. cxd5 {weiter nicht lesbar} 0-1

[Event "1.Deut.ChessOrgAmatPok Voelklingen Sen"]
[Site "?"]
[Date "2000.10.11"]
[Round "6"]
[White "Moeckel, Edgar Dr."]
[Black "Haasper, Peter"]
[Result "1/2-1/2"]
[WhiteElo "2107"]
[BlackElo "1782"]
[PlyCount "26"]
[EventDate "2000.??.??"]

1. d4 Nf6 2. Nf3 g6 3. Nbd2 Bg7 4. e4 a6 5. Bc4 O-O 6. O-O d5 7. exd5 Nxd5 8.
Ne5 b6 9. c3 Bb7 10. Re1 h6 11. Qe2 Nd7 12. Bb3 N7f6 13. Ndf3 e6 1/2-1/2

[Event "1.Deut.ChessOrgAmatPok Voelklingen Sen"]
[Site "?"]
[Date "2000.10.11"]
[Round "6"]
[White "Backes, Robert"]
[Black "Fleckner, Hans"]
[Result "0-1"]
[WhiteElo "1642"]
[BlackElo "1817"]
[PlyCount "46"]
[EventDate "2000.??.??"]

1. Nf3 Nf6 2. g3 g6 3. Bg2 Bg7 4. c4 d6 5. Nc3 e5 6. d3 O-O 7. O-O c6 8. e4
Nbd7 9. a3 a5 10. a4 Nc5 11. b3 Ne6 12. Rb1 c5 13. Nd5 Nxd5 14. cxd5 Nc7 15.
Ne1 f5 16. f4 exf4 17. Bxf4 Bd4+ 18. Kh1 Qe7 19. Qd2 fxe4 20. dxe4 g5 21. Bxg5
Rxf1+ 22. Bxf1 Qxe4+ 23. Bg2 Qxb1 0-1

[Event "1.Deut.ChessOrgAmatPok Voelklingen Sen"]
[Site "?"]
[Date "2000.10.11"]
[Round "6"]
[White "Wolf, Alfred"]
[Black "Gimber, Robert"]
[Result "1-0"]
[WhiteElo "1800"]
[BlackElo "1684"]
[PlyCount "89"]
[EventDate "2000.??.??"]

1. c4 d6 2. Nc3 Nf6 3. g3 g6 4. d4 Bg7 5. Nf3 O-O 6. Bg2 Nbd7 7. e4 e5 8. d5
Nb6 9. Qd3 Nh5 10. Nh4 f5 11. O-O Bf6 12. Nf3 Ng7 13. b4 Qe7 14. Be3 Nd7 15. h4
a5 16. a3 b6 17. Nb5 Qd8 18. Rac1 axb4 19. axb4 Ba6 20. Nc3 Bb7 21. Ra1 Qe7 22.
Bh6 Rfe8 23. Nb5 Nf8 24. Na7 Qd7 25. b5 fxe4 26. Qxe4 Qf5 27. Nd2 Qh5 28. Be3
Qf5 29. Kh2 Bc8 30. Nxc8 Qxc8 31. Bh3 Qb7 32. Bh6 Rxa1 33. Rxa1 Ra8 34. Rxa8
Qxa8 35. Qf3 Qd8 36. Ne4 Be7 37. Bg4 Nd7 38. Ng5 Bxg5 39. Bxg5 Qe8 40. Bh6 Nc5
41. Qf6 Qf7 42. Bg5 Ne4 43. Qd8+ Qf8 44. Be7 Qxd8 45. Bxd8 1-0

[Event "1.Deut.ChessOrgAmatPok Voelklingen Sen"]
[Site "?"]
[Date "2000.10.11"]
[Round "6"]
[White "Fiedler, Eduard"]
[Black "Dunkel, Horst"]
[Result "1-0"]
[WhiteElo "1736"]
[BlackElo "1651"]
[PlyCount "49"]
[EventDate "2000.??.??"]

1. e4 c5 2. Nc3 Nc6 3. f4 e6 4. Nf3 Nge7 5. Bb5 a6 6. Be2 Qc7 7. d3 d6 8. O-O
Nd4 9. Be3 Nec6 10. Qd2 Be7 11. f5 Bd7 12. a3 O-O 13. Bd1 Bf6 14. Rb1 Nxf3+ 15.
Rxf3 Nd4 16. Rf1 Bc6 17. Ne2 Rac8 18. h3 Nxe2+ 19. Qxe2 Qe7 20. Qf2 b6 21. Bg4
Bd7 22. Qg3 exf5 23. Bxf5 Bxf5 24. Rxf5 Kh8 25. Rbf1 {nicht lesbar} 1-0

[Event "1.Deut.ChessOrgAmatPok Voelklingen Sen"]
[Site "?"]
[Date "2000.10.11"]
[Round "6"]
[White "Scheerer, Helmut"]
[Black "Wolf, Margot"]
[Result "0-1"]
[WhiteElo "1851"]
[BlackElo "1166"]
[PlyCount "80"]
[EventDate "2000.??.??"]

1. e4 c6 2. d4 d5 3. Nc3 dxe4 4. Nxe4 Bf5 5. Ng3 Bg6 6. Nf3 h6 7. Bc4 Nd7 8.
O-O Qc7 9. c3 e6 10. Qe2 Bd6 11. Ne4 Bxe4 12. Qxe4 Ngf6 13. Qe2 O-O 14. h3 Rfe8
15. Bb3 e5 16. dxe5 Nxe5 17. Be3 Nxf3+ 18. Qxf3 b6 19. Bxh6 c5 20. Bg5 c4 21.
Bc2 Nd7 22. Qh5 Nf8 23. Rae1 Be7 24. Ba4 Ne6 25. Rxe6 fxe6 26. Bxe8 Bxg5 27.
Bg6 Bh6 28. Be4 Rd8 29. Qg6 Qf7 30. Qg3 Rd2 31. Qb8+ Qf8 32. Bh7+ Kf7 33. Qxa7+
Qe7 34. Qxb6 g6 35. Qb8 Rd8 36. Qg3 Qg5 37. Qc7+ Qe7 38. Bxg6+ Kf6 39. Qxe7+
Kxe7 40. Rc1 Bxc1 0-1

[Event "1.Deut.ChessOrgAmatPok Voelklingen Sen"]
[Site "?"]
[Date "2000.10.11"]
[Round "6"]
[White "Hennige, Anneliese"]
[Black "Passeier, Helmut"]
[Result "0-1"]
[WhiteElo "100"]
[BlackElo "1825"]
[PlyCount "68"]
[EventDate "2000.??.??"]

1. Nf3 Nf6 2. c4 e6 3. Nc3 d5 4. e3 Nbd7 5. Bd3 Nc5 6. Be2 dxc4 7. Bxc4 Nd3+ 8.
Bxd3 Qxd3 9. Ne5 Qa6 10. d3 Bd6 11. f4 O-O 12. O-O b5 13. Qf3 Rb8 14. Bd2 Bb7
15. Qg3 b4 16. Ne4 Bxe4 17. dxe4 Nxe4 18. Qe1 Rfd8 19. Qc1 Bxe5 20. fxe5 Nxd2
21. Rf2 Qc4 22. Rxd2 Qxc1+ 23. Rxc1 Rxd2 24. Rxc7 Rxb2 25. Rxa7 Rc8 26. h4 h5
27. Kh2 Rcc2 28. Kg3 Rxg2+ 29. Kf3 Rxa2 30. Rb7 Kh7 31. Rxb4 Raf2+ 32. Ke4 Rg4+
33. Kd3 Rxb4 34. Kc3 Rxh4 0-1

[Event "1.Deut.ChessOrgAmatPok Voelklingen GrC"]
[Site "?"]
[Date "2000.10.11"]
[Round "6"]
[White "Mueller, Ronny"]
[Black "Ragg, Wolfgang"]
[Result "0-1"]
[WhiteElo "1433"]
[BlackElo "1695"]
[PlyCount "54"]
[EventDate "2000.??.??"]

1. d4 d5 2. c4 e6 3. Nc3 c5 4. cxd5 cxd4 5. Qxd4 Nc6 6. Qd1 exd5 7. Nf3 Bb4 8.
e3 Nf6 9. Bd2 O-O 10. Be2 Bf5 11. O-O Qe7 12. Nd4 Nxd4 13. exd4 Rac8 14. Re1
Qd7 15. Bb5 Qd6 16. Re5 Be6 17. a3 Ba5 18. Ne2 Bxd2 19. Qxd2 Ne4 20. Qd1 g6 21.
Ng3 Nxg3 22. hxg3 Qb6 23. a4 Rc7 24. Qd3 a6 25. a5 Qxb5 26. Qxb5 axb5 27. Re2
Rfc8 0-1

[Event "1.Deut.ChessOrgAmatPok Voelklingen GrC"]
[Site "?"]
[Date "2000.10.11"]
[Round "6"]
[White "Rossmanith, Frederic"]
[Black "Conrad, Egon"]
[Result "1/2-1/2"]
[WhiteElo "1450"]
[BlackElo "1643"]
[PlyCount "69"]
[EventDate "2000.??.??"]

1. e4 d5 2. exd5 Qxd5 3. Nc3 Qa5 4. d4 c6 5. Nf3 Nf6 6. Bd2 Bf5 7. Bc4 e6 8.
Nd5 Qd8 9. Nxf6+ Qxf6 10. c3 Nd7 11. Bf4 Bg4 12. Qd2 Bxf3 13. gxf3 Nb6 14. Bd3
Nd5 15. Bg3 Qxf3 16. Rg1 O-O-O 17. Be2 Qf6 18. O-O-O Bd6 19. Rdf1 Nf4 20. Kb1
Nxe2 21. Qxe2 g6 22. Ka1 Rhe8 23. Qe4 e5 24. Bh4 exd4 25. Qg4+ Qe6 26. Bxd8
Qxg4 27. Rxg4 Kxd8 28. Rxd4 Kc7 29. h3 b6 30. Kb1 Bc5 31. Rd3 f5 32. f3 g5 33.
Rfd1 Re7 34. Rd8 a5 35. Kc2 1/2-1/2

[Event "1.Deut.ChessOrgAmatPok Voelklingen GrC"]
[Site "?"]
[Date "2000.10.11"]
[Round "6"]
[White "Gietzen, Daniel"]
[Black "Schroeder, Werner"]
[Result "1/2-1/2"]
[WhiteElo "1000"]
[BlackElo "1620"]
[PlyCount "54"]
[EventDate "2000.??.??"]

1. e4 e5 2. Nf3 Nc6 3. d4 exd4 4. Nxd4 Bc5 5. c3 Qf6 6. Be3 d6 7. Bb5 Bd7 8.
O-O Nge7 9. Qd2 Nxd4 10. Bxd7+ Kxd7 11. Bxd4 Bxd4 12. cxd4 d5 13. e5 Qe6 14.
Nc3 Rac8 15. f4 f5 16. Na4 b6 17. Rac1 Ke8 18. Rf3 Qd7 19. b3 c5 20. dxc5 b5
21. Nb2 a5 22. a3 Rc6 23. b4 Ra6 24. Nd1 axb4 25. axb4 Qc6 26. Rfc3 Kf7 27.
R3c2 Rha8 1/2-1/2

[Event "1.Deut.ChessOrgAmatPok Voelklingen GrC"]
[Site "?"]
[Date "2000.10.11"]
[Round "6"]
[White "Kemmer, Josef"]
[Black "Bruene, Gerhard Prf."]
[Result "1/2-1/2"]
[WhiteElo "1534"]
[BlackElo "1345"]
[PlyCount "53"]
[EventDate "2000.??.??"]

1. c4 Nf6 2. Nc3 e6 3. g3 c6 4. e4 d6 5. Bg2 e5 6. Nge2 Be7 7. d3 O-O 8. O-O
Qc7 9. d4 a6 10. d5 Nbd7 11. Kh1 Re8 12. f4 exf4 13. Bxf4 Ne5 14. Bxe5 dxe5 15.
Rc1 Rd8 16. b3 Bc5 17. Na4 Ba3 18. Rc2 Rd6 19. Nb2 Ng4 20. Qd3 Bc5 21. Nd1 Rh6
22. h3 Qd6 23. b4 Bxb4 24. c5 Bxc5 25. Qf3 Nf6 26. Ne3 Bxe3 27. Qxe3 1/2-1/2